Statistiques concernant Culture Générale - Série 1257

Cliquez ici pour prendre le quiz!

Statistiques générales

  • Ce quiz a été pris 69 fois
  • Le résultat moyen est 5 sur 10

Statistiques - réponses

QuestionRéponse% Correct
Quel grand serpent d'Amérique du Sud est le titre d'un film de 1997 avec Jennifer Lopez ?anaconda
84%
D'une personne qui prend ses fonctions de manière provisoire pendant l'absence du titulaire, on dit qu'elle officie par...intérim
79%
Quel disciple de Socrate a écrit les dialogues intitulés "La République" et "Phédon" ?Platon
68%
Quel terme désigne une petite chaussette, arrivant juste au dessus de la cheville ?socquette
65%
Dans la comédie musicale de Luc Plamondon et Richard Cocciante "Notre-Dame de Paris", qui interprète "Esmeralda" ?Hélène Segara
46%
Dans la mythologie grecque, comment s'appelait le roi de Sparte,époux d'Hélène ?Ménélas
37%
Quel cinéaste français, prénommé Jean-Pierre, a réalisé le 4e volet de la série “Alien” ?Jean-Pierre Jeunet
30%
Quel mot désigne à la fois le petit mammifère carnivore amateur de serpents et le fruit, de la taille d'une orange, dont le goût rappelle la framboise ?mangouste
30%
Quel acteur, prénommé Philippe, incarne “la Balance”, dans le film du même nom de Bob Swaim ?Philippe Léotard
25%
Quel acteur joue le rôle principal du film : "Docteur Patch", en 1998 ?Robin Williams
21%

Distribution des résultats

Percentile par nombre de réponses

% des personnes avec chaque résultat

Votre développement - résultats

Vous n’avez pas pris ce quiz